Bioética : (Record no. 182638)

MARC details
000 -LEADER
campo de control de longitud fija 01088nam a2200277 i 4500
001 - NÚMERO DE CONTROL
campo de control 182638
003 - IDENTIFICADOR DE NÚMERO DE CONTROL
campo de control ES-MaACL
005 - FECHA Y HORA DE LA ÚLTIMA TRANSACCIÓN
campo de control 20250827231907.0
008 - DATOS DE LONGITUD FIJA--INFORMACIÓN GENERAL
campo de control de longitud fija 131008s2012 sp a | |||||||| | spa d
020 ## - NÚMERO INTERNACIONAL ESTÁNDAR DEL LIBRO
Número Internacional Estándar del Libro 978-84-939918-2-1
080 ## - NÚMERO DE LA CLASIFICACIÓN DECIMAL UNIVERSAL
Número de la Clasificación Decimal Universal 17:61
080 ## - NÚMERO DE LA CLASIFICACIÓN DECIMAL UNIVERSAL
Número de la Clasificación Decimal Universal 174:614.2
245 00 - MENCIÓN DEL TÍTULO
Título Bioética :
Resto del título de la globalización a la toma de decisiones /
Mención de responsabilidad, etc. coordinadores de la monografía, Benjamín Herreros y Fernando Bandrés.
260 ## - PUBLICACIÓN, DISTRIBUCIÓN, ETC.
Lugar de publicación, distribución, etc. [Paracuellos de Jarama, Madrid] :
Nombre del editor, distribuidor, etc. ADEMAS,
Fecha de publicación, distribución, etc. D.L. 2012.
300 ## - DESCRIPCIÓN FÍSICA
Extensión 288 p. :
Otras características físicas il. col. ;
Dimensiones 24 cm.
490 1# - MENCIÓN DE SERIE
Mención de serie Colección Docencia universitaria. Serie Humanidades médicas
504 ## - NOTA DE BIBLIOGRAFÍA, ETC.
Nota de bibliografía, etc. Incluye referencias bibliográficas.
650 #7 - PUNTO DE ACCESO ADICIONAL DE MATERIA--TÉRMINO DE MATERIA
Término de materia o nombre geográfico como elemento de entrada Bioética.
9 (RLIN) 10569
650 #7 - PUNTO DE ACCESO ADICIONAL DE MATERIA--TÉRMINO DE MATERIA
Término de materia o nombre geográfico como elemento de entrada Ética médica
Fuente del encabezamiento o término embne
9 (RLIN) 12587
700 1# - ENTRADA AGREGADA--NOMBRE PERSONAL
Nombre de persona Bandrés Moya, Fernando.
9 (RLIN) 138338
700 1# - ENTRADA AGREGADA--NOMBRE PERSONAL
Nombre de persona Herreros Ruiz Valdepeñas, Benjamín.
9 (RLIN) 142972
830 00 - PUNTO DE ACCESO ADICIONAL DE SERIE-TÍTULO UNIFORME
Título uniforme Colección docencia universitaria.
Nombre de parte o sección de la obra Serie humanidades médicas
9 (RLIN) 224867
852 ## - LOCALIZACIÓN
Ubicación ES-MaACL
Número de control de estantería A-12875
itemnumber 189555
Sublocalización o colección R.149084
Ubicación en estantería Depósito 1
Signatura antigua Olim: N-5875
942 ## - ELEMENTOS DE ENTRADA SECUNDARIOS (KOHA)
Fuente del sistema de clasificación o colocación Clasificación decimal universal
Tipo de ítem Koha Libro impreso
Holdings
Estatus retirado Estado de pérdida Fuente del sistema de clasificación o colocación Estado de daño No para préstamo Biblioteca de origen Biblioteca actual Ubicación en estantería Fecha de adquisición Fuente de adquisición Total de préstamos Signatura topográfica completa Código de barras Visto por última vez Precio de reemplazo Tipo de ítem Koha
    Clasificación decimal universal     Biblioteca del Ateneo de Madrid Biblioteca del Ateneo de Madrid Depósito 1 08/10/2013 Donación   A-12875 1191939 23/02/2023 23/02/2023 Libro impreso